Statistiques concernant jeux vidéo

Cliquez ici pour prendre le quiz!

Statistiques générales

  • Ce quiz a été pris 379 fois
  • Le résultat moyen est 6 sur 8

Statistiques - réponses

HintAnswer% Correct
italien a la salopettemario
97%
jeu de footfifa
97%
jeu de guerrecall of duty
89%
jeu de simulation de viesims
84%
jeu de cubeminecraft
74%
jeu de voitureneed for speed
67%
jeu de braquagepayday
42%
jeu de guerre roleplayarma
15%

Distribution des résultats

Percentile par nombre de réponses

% des personnes avec chaque résultat

Votre développement - résultats

Vous n’avez pas pris ce quiz